Tortoise Species - Statistics

General Stats
  • This quiz has been taken 103 times
    68 since last reset
  • The average score is 14 of 44
Answer Stats
Family Genus Species Common name % Correct
Testudinidae Chelonoidis niger Galápagos tortoise
92%
Testudinidae Centrochelys sulcata African spurred tortoise
72%
Testudinidae Testudo graeca Greek tortoise
69%
Testudinidae Testudo hermanni Hermann's tortoise
69%
Testudinidae Testudo horsfieldii Russian tortoise
69%
Testudinidae Aldabrachelys gigantea Aldabra giant tortoise
67%
Testudinidae Astrochelys radiata Radiated tortoise
62%
Testudinidae Stigmochelys pardalis Leopard tortoise
59%
Testudinidae Testudo kleinmanni Kleinmann's tortoise
56%
Testudinidae Chelonoidis carbonarius Red-footed tortoise
56%
Testudinidae Gopherus agassizii Desert tortoise
51%
Testudinidae Malacochersus tornieri Pancake tortoise
51%
Testudinidae Gopherus polyphemus Gopher tortoise
49%
Testudinidae Testudo marginata Marginated tortoise
46%
Testudinidae Chelonoidis denticulatus Yellow-footed tortoise
44%
Testudinidae Geochelone elegans Indian star tortoise
38%
Testudinidae Indotestudo elongata Elongated tortoise
36%
Testudinidae Psammobates geometricus Geometric tortoise
36%
Testudinidae Pyxis arachnoides Spider tortoise
36%
Testudinidae Indotestudo forstenii Forsten's tortoise
31%
Testudinidae Chersina angulata Angulate tortoise
28%
Testudinidae Manouria emys Asian forest tortoise
23%
Testudinidae Geochelone platynota Burmese star tortoise
23%
Testudinidae Chersobius signatus Speckled padloper
23%
Testudinidae Gopherus berlandieri Texas tortoise
23%
Testudinidae Astrochelys yniphora Angonoka tortoise
21%
Testudinidae Chelonoidis chilensis Chaco tortoise
21%
Testudinidae Homopus areolatus Common padloper
18%
Testudinidae Manouria impressa Impressed tortoise
18%
Testudinidae Chersobius boulengeri Karoo padloper
18%
Testudinidae Indotestudo travancorica Travancore tortoise
18%
Testudinidae Gopherus flavomarginatus Bolson tortoise
15%
Testudinidae Psammobates tentorius Tent tortoise
13%
Testudinidae Pyxis planicauda Flat-backed spider tortoise
10%
Testudinidae Kinixys natalensis Natal hinge-back tortoise
10%
Testudinidae Gopherus morafkai Sonoran Desert tortoise
10%
Testudinidae Kinixys spekii Speke's hinge-back tortoise
10%
Testudinidae Kinixys belliana Bell's hinge-back tortoise
8%
Testudinidae Homopus femoralis Greater padloper
8%
Testudinidae Kinixys homeana Home's hinge-back tortoise
8%
Testudinidae Psammobates oculifer Serrated tortoise
8%
Testudinidae Chersobius solus Nama padloper
5%
Testudinidae Kinixys erosa Forest hinge-back tortoise
3%
Testudinidae Kinixys lobatsiana Lobatse hinge-back tortoise
3%
No matching quizzes found
Score Distribution
Percent of People with Each Score
Percentile by Number Answered
Your Score History
You have not taken this quiz since the last reset